| 000 | 00353nam a2200121Ia 4500 | ||
|---|---|---|---|
| 008 | 230907s9999||||xx |||||||||||||| ||und|| | ||
| 082 |
_a660.28 _bFOG |
||
| 100 |
_aFogler, H. Scott. _9115637 |
||
| 245 | 0 | _aElements of chemical reaction engineering / | |
| 260 |
_aPrentice-Hall, _bEnglewood Cliffs, N.J. : _c2015 |
||
| 300 | _axxii, 838 p. : | ||
| 942 | _cBK | ||
| 999 |
_c600256 _d600256 |
||